00415 2200157 4500001002100000008004100021035002000062245005100082100002000133260003500153020001800188084001400206082000800220650001600228990001300244INLIS000000000001053 ind  a0010-0120001053 aTemukan Aku dalam IstikharahmucSabila Raihany aRaihany, Sabila aYogyakarta :bCakrawala,c2009 a979-3383-82-8 a813 RAI t a813 aNovel Fiksi a11900567